000
00286nam a22001337a 4500
008
181022b xxu||||| |||| 00| 0 eng d
020
_a
670002097
041
_a
eng
080
_a
316
100
_a
50
101
_a
SOC
245
_a
Thought and Action
_c
Hampshire,S
942
_2
udc
_c
BK
999
_c
50355
_d
50355